000 00563cab a2200205 4500
001 X1598
008 090401t1994 xxu||||| |||| 00| 0 eng d
035 _a(Sirsi) u94868
041 _aeng
100 _aEdge, J
245 _aCPD: practical help from the RICS
260 _c1994
350 _a0
490 _aCSM (Chartered Surveyor Monthly)
_v3(10) July/August 1994, 16(1)
650 _aCOMPLIANCE
650 _aCONTINUING PROFESSIONAL DEVELOPMENT
690 _aMANAGEMENT-BUSINESS MANAGEMENT-PROFESSIONAL PRACTICE
942 _n0
948 _c04/03/1997
999 _c59600
_d59600